MARKETING (Record no. 131293)

MARC details
000 -LEADER
fixed length control field 00286pam a2200133 a 4500
020 ## - INTERNATIONAL STANDARD BOOK NUMBER
Terms of availability
041 ## - LANGUAGE CODE
Language code of original
082 ## - DEWEY DECIMAL CLASSIFICATION NUMBER
Classification number 658.802
Item number NAI
100 ## - MAIN ENTRY--PERSONAL NAME
Personal name MERCER D.,
245 ## - TITLE STATEMENT
Title MARKETING
Medium Textual Documents
260 ## - PUBLICATION, DISTRIBUTION, ETC.
Place of publication, distribution, etc. OXFORD
Name of publisher, distributor, etc. BLACKWELL BUSINESS
Date of publication, distribution, etc. 1992
300 ## - PHYSICAL DESCRIPTION
Extent IX+759
930 ## - EQUIVALENCE OR CROSS-REFERENCE-UNIFORM TITLE HEADING [LOCAL, CANADA]
Uniform title 11865
Holdings
Withdrawn status Lost status Damaged status Not for loan Collection Home library Current library Date acquired Total Checkouts Full call number Barcode Date last seen Copy number Price effective from Koha item type
          Institute of Management & Entrepreneurship Development, Pune Institute of Management & Entrepreneurship Development, Pune 19/04/2011   658.802 NAI IMP-IM-7370 01/03/2023 1 01/03/2023 Book